000 00450pab a2200169 454500
008 180718b2017 xxu||||| |||| 00| 0 eng d
100 _aBhatia, Vinod
245 _aTransforming the Indian armed forces for meeting future security challenges
260 _c2017
300 _ap.255-268.
362 _aJul-Sep
650 _aState security - India
650 _aIndia. Army
650 _aArmed forces
773 _aUSI Journal
909 _a116244
999 _c116238
_d116238